000 00553cam a2200205 a 4500
001 1012209
005 20180124051459.0
008 870731s1988 maua 001 0 eng
010 _a 87161455
020 _a039542710X
040 _aDLC
_cDLC
_dDLC
041 _aeng
080 _a909 PER
082 0 0 _a909 PER
_219
100 1 _a16
101 _aHIS
245 1 2 _aA history of the world /
_cMarvin Perry ; contributing area specialists, Daniel F. Davis ... [et al.].
906 _a7
_bcbc
_corignew
_d2
_encip
_f19
_gy-gencatlg
942 _2ddc
_cBK
999 _c40850
_d40850